Regulatory framework and legal issues in business part 1 (Record no. 364759)
[ view plain ]
| 000 -LEADER | |
|---|---|
| fixed length control field | 00527nam a22001817a 4500 |
| 003 - CONTROL NUMBER IDENTIFIER | |
| control field | 0 |
| 005 - DATE AND TIME OF LATEST TRANSACTION | |
| control field | 20220727145845.0 |
| 008 - FIXED-LENGTH DATA ELEMENTS--GENERAL INFORMATION | |
| fixed length control field | 220727b xxu||||| |||| 00| 0 eng d |
| 020 ## - INTERNATIONAL STANDARD BOOK NUMBER | |
| International Standard Book Number | 978-621-8205-03-1 |
| 050 ## - LIBRARY OF CONGRESS CALL NUMBER | |
| Classification number | KF390 |
| Item number | .D56 2021 |
| 245 ## - TITLE STATEMENT | |
| Title | Regulatory framework and legal issues in business part 1 |
| Statement of responsibility, etc | Andrix D. Domingo |
| 250 ## - EDITION STATEMENT | |
| Edition statement | 2nd ed. |
| 260 ## - PUBLICATION, DISTRIBUTION, ETC. (IMPRINT) | |
| Place of publication, distribution, etc | Baguio City |
| Name of publisher, distributor, etc | Coaching for results publishing |
| Date of publication, distribution, etc | C2021 |
| 300 ## - PHYSICAL DESCRIPTION | |
| Extent | 906pp. |
| Dimensions | 23cm. |
| Type of unit | Book |
| 500 ## - GENERAL NOTE | |
| General note | Legal issues. |
| 500 ## - GENERAL NOTE | |
| General note | Commercial laws. |
| 942 ## - ADDED ENTRY ELEMENTS (KOHA) | |
| Source of classification or shelving scheme | Library of Congress Classification |
| Koha item type | Books |
| Withdrawn status | Lost status | Source of classification or shelving scheme | Damaged status | Home library | Current library | Shelving location | Date acquired | Source of acquisition | Sub Shelving location | Total Checkouts | Total Renewals | Full call number | Barcode | Date last seen | Date checked out | Price effective from | Koha item type |
|---|---|---|---|---|---|---|---|---|---|---|---|---|---|---|---|---|---|
| Library of Congress Classification | College Library | College Library | Filipiniana Section | 07/27/2022 | Library Fund | 4 | 1 | KF390 .D56 2021 | C22753 | 05/14/2025 | 05/06/2025 | 07/27/2022 | Books | ||||
| Library of Congress Classification | College Library | College Library | Filipiniana Section | 07/27/2022 | Library Fund | 2 | KF390 .D56 2021 | C22754 | 04/30/2025 | 04/08/2025 | 07/27/2022 | Books | |||||
| Library of Congress Classification | College Library | College Library | Filipiniana Section | 07/27/2022 | Library Fund | 2 | 1 | KF390 .D56 2021 | C22755 | 06/13/2025 | 06/02/2025 | 07/27/2022 | Books |